00792cam a22002177a 4500001000500000005001700005020001800022040002300040050002000063082001000083100002500093245006800118250005100186260003400237300004500271490002300316505000800339520018700347521002000534521002000554269520240111152143.0 a9781407109879 aMNWcMNWdDLCbeng00aG590.G36b 200200a919.81 aGaneri, Anitad1961-10aPerishing poles /cAnita Ganeri ; illustrated by Mike Phillips. aThis edition published by Scholastic Ltd, 2009 aNew York :bScholastic,c2002 a128 pages : billustrations ; c21 cm .  aHorrible Geography aT  aWave goodbye to boring geography lessons as you venture into the chilly world of Perishing Poles, with huge icebergs, hungry polar bears and frostbite to challenge intrepid explorers a800 bLexile  aT bRaz-Plus